| 000 | 00512nam a22001937a 4500 | ||
|---|---|---|---|
| 005 | 20260413154650.0 | ||
| 008 | 260413b |||||||| |||| 00| 0 eng d | ||
| 020 | _a1861054920 (pbk) | ||
| 040 | _cUE-CL | ||
| 082 |
_a823.914 _bC76291 |
||
| 100 | _aConnor, Alexander | ||
| 245 |
_aPrivate view _c/Alexander Connor |
||
| 260 |
_aLondon: _bRobson Books, _c2002 |
||
| 300 | _a200 p. | ||
| 505 | _aThe artists' lives Eroticism Crime Patrons | ||
| 546 | _aEnglish | ||
| 650 | _aPrivate--View | ||
| 942 | _cBK | ||
| 999 |
_c26011 _d26010 |
||